[Event "Kandidatenturnier"]
[Site "Tübingen"]
[Date "2007.08.28"]
[Round "4"]
[White "Hedler, Thomas"]
[Black "Bajer, Renato"]
[Result "1/2-1/2"]
[WhiteElo "2019"]
[BlackElo "1924"]
[PlyCount "83"]
[EventDate "2007.??.??"]

1. Nc3 Nf6 2. f4 d5 3. e3 c5 4. Bb5+ Nc6 5. Nf3 a6 6. Bxc6+ bxc6 7. O-O Bg4 8.
h3 Bxf3 9. Qxf3 e6 10. b3 Bd6 11. Bb2 e5 12. Ne2 e4 13. Qf2 Qe7 14. Ng3 g6 15.
d3 O-O 16. Rae1 Rae8 17. dxe4 Nxe4 18. Nxe4 Qxe4 19. f5 Be5 20. Ba3 Bc3 21. Rd1
Re5 22. fxg6 hxg6 23. Bxc5 Rf5 24. Qe2 Re8 25. Rxf5 Qxf5 26. Rf1 Qc8 27. Qf3
Qe6 28. Rd1 Ba5 29. Bd4 Bc7 30. Rf1 f5 31. g3 Bd6 32. h4 c5 33. Bb2 Qxe3+ 34.
Kg2 Qxf3+ 35. Kxf3 Re4 36. Rd1 d4 37. Rd3 Kf7 38. c3 Be5 39. cxd4 Bxd4 40. Bxd4
cxd4 41. Kf2 Ke6 42. Kf3 1/2-1/2

[Event "Kandidatenturnier"]
[Site "Tübingen"]
[Date "2007.08.28"]
[Round "4"]
[White "Schwan, Rudi"]
[Black "Dittus, Reiner"]
[Result "1-0"]
[WhiteElo "1939"]
[BlackElo "1749"]
[PlyCount "109"]
[EventDate "2007.??.??"]

1. e4 c6 2. d4 d5 3. e5 Bf5 4. Nf3 e6 5. Bd3 Ne7 6. O-O Nd7 7. Bg5 Bxd3 8. Qxd3
Qb6 9. Nc3 Nf5 10. Ne2 h6 11. Bd2 Be7 12. g4 Nh4 13. Nxh4 Bxh4 14. b4 Qd8 15.
Qh3 Be7 16. f4 Qb6 17. c3 O-O-O 18. a4 Kb8 19. Qd3 f6 20. a5 Qc7 21. b5 c5 22.
Rfb1 c4 23. Qe3 Qc8 24. f5 fxe5 25. fxe6 Bg5 26. Qg3 Bxd2 27. exd7 Qxd7 28.
dxe5 Kc8 29. b6 a6 30. Rd1 Bg5 31. Nd4 Be7 32. Rd2 Bc5 33. Kg2 Bxd4 34. Rxd4
Qe6 35. Rf1 Rhe8 36. Re1 Rd7 37. Rf4 Red8 38. Qe3 Kb8 39. Qd4 Re7 40. Rf5 Rc8
41. Qf4 Ka8 42. Re2 Rce8 43. h3 Rc8 44. Qf3 Qc6 45. Kg3 Qc5 46. e6 Qd6+ 47. Kg2
Rxe6 48. Rxe6 Qxe6 49. Rxd5 Qe7 50. Rd4 g5 51. Qe4 Qa3 52. Qe3 Qxa5 53. Qe6
Qa2+ 54. Kg3 Rf8 55. Qf6 1-0

[Event "Kandidatenturnier"]
[Site "Tübingen"]
[Date "2007.08.28"]
[Round "4"]
[White "Bauer, Dieter"]
[Black "Siegle, Florian"]
[Result "1/2-1/2"]
[WhiteElo "1860"]
[BlackElo "2037"]
[PlyCount "67"]
[EventDate "2007.??.??"]

1. d4 Nf6 2. Nf3 c5 3. d5 d6 4. c4 g6 5. Nc3 Bg7 6. g3 O-O 7. Bg2 Bf5 8. O-O
Qb6 9. Nh4 Bg4 10. h3 Bd7 11. e4 Na6 12. Kh2 Qd8 13. f4 Nc7 14. Qe2 Rb8 15. a4
a6 16. a5 b5 17. axb6 Rxb6 18. e5 Nfe8 19. Nf3 e6 20. Be3 exd5 21. cxd5 Qb8 22.
Ra2 Qb7 23. Rd1 Bb5 24. Nxb5 Rxb5 25. Qd2 Qb6 26. Bf1 Rb4 27. Qf2 Rb3 28. exd6
Nxd6 29. Bxc5 Ne4 30. Bxb6 Nxf2 31. Bxf2 Rxf3 32. Bb6 Nxd5 33. Bg2 Rb3 34. Rxd5
1/2-1/2

[Event "Kandidatenturnier"]
[Site "Tübingen"]
[Date "2007.08.28"]
[Round "4"]
[White "Braun, Georg"]
[Black "Hallmann, Eberhard"]
[Result "1/2-1/2"]
[WhiteElo "1887"]
[BlackElo "1985"]
[PlyCount "138"]
[EventDate "2007.??.??"]

1. e4 e5 2. Nf3 Nc6 3. Bb5 Nd4 4. Nxd4 exd4 5. O-O c6 6. Bc4 d6 7. c3 dxc3 8.
dxc3 Be7 9. Bf4 Nf6 10. Re1 O-O 11. Qd3 Ng4 12. Bb3 Ne5 13. Qe2 Bh4 14. Rd1 Qe7
15. Nd2 Bg4 16. f3 Bh5 17. Nc4 Rad8 18. Ne3 Bg6 19. Rd2 Qc7 20. Rad1 h6 21. Nc4
Nxc4 22. Qxc4 Be7 23. Qb4 a5 24. Qc4 b5 25. Qe2 a4 26. Bc2 Rd7 27. c4 b4 28. c5
Qa7 29. Qf2 d5 30. Be3 Rfd8 31. e5 Bxc2 32. Rxc2 Qc7 33. Bd4 Bf8 34. Qd2 Qb7
35. f4 Be7 36. Rf1 Rf8 37. f5 f6 38. e6 Rc7 39. Rf3 Kh7 40. b3 Qb5 41. bxa4
Qxa4 42. Rb3 Rb7 43. Rcb2 Rfb8 44. Rb1 Rb5 45. Qf2 Qa5 46. Rc1 Qa7 47. Rc2 Ra5
48. Rb1 Rbb5 49. Rbc1 b3 50. axb3 Rxb3 51. h3 Qb8 52. Re1 Rab5 53. Rcc1 Rd3 54.
Red1 Rxd1+ 55. Rxd1 Rb1 56. Rxb1 Qxb1+ 57. Kh2 Qb4 58. Be3 Qe4 59. g4 Qc4 60.
Kg3 Qe4 61. Qf4 Qd3 62. Qd4 Qe2 63. Bf4 Qe1+ 64. Kf3 Qf1+ 65. Kg3 Qe1+ 66. Kg2
Qe2+ 67. Kh1 Qf1+ 68. Kh2 Qe2+ 69. Kg3 Qe1+ 1/2-1/2

[Event "Kandidatenturnier"]
[Site "Tübingen"]
[Date "2007.08.28"]
[Round "4"]
[White "Kaulich, Philipp Theodor"]
[Black "Rix, Michael"]
[Result "0-1"]
[WhiteElo "1576"]
[BlackElo "1837"]
[PlyCount "122"]
[EventDate "2007.??.??"]

1. e4 c5 2. d4 cxd4 3. c3 dxc3 4. Nxc3 Nc6 5. Nf3 d6 6. Bc4 e6 7. O-O Be7 8.
Qe2 a6 9. Rd1 Qc7 10. Be3 Bd7 11. Rac1 Nf6 12. h3 Rc8 13. Bb3 b5 14. Qd3 O-O
15. Ne2 Qb7 16. a3 Na5 17. Bc2 Nc4 18. b4 Nb2 19. Qd2 Nxd1 20. Rxd1 Nxe4 21.
Qd3 f5 22. Nd2 Nxd2 23. Qxd2 Bc6 24. f3 Bd5 25. Nf4 Bc4 26. Bd3 Bxd3 27. Qxd3
Qd7 28. Qb3 Rc4 29. Nd3 Qc6 30. Rc1 Rxc1+ 31. Nxc1 d5 32. Nd3 Qc4 33. Qxc4 bxc4
34. Ne5 Bd6 35. Nd7 Re8 36. Nc5 Bxc5 37. bxc5 e5 38. f4 d4 39. Bc1 e4 40. Kf2
Rc8 41. Ke2 Rxc5 42. g4 g6 43. g5 d3+ 44. Ke3 c3 45. h4 d2 46. Bxd2 cxd2 47.
Kxd2 Ra5 48. Ke2 Rxa3 49. h5 Rf3 50. h6 a5 51. Kd2 a4 52. Kc2 a3 53. Kb1 e3 54.
Kc2 a2 55. Kb2 Rf2+ 56. Ka1 e2 57. Kxa2 e1=Q+ 58. Kb3 Rxf4 59. Ka3 Qe3+ 60. Kb2
Rf2+ 61. Kb1 Qe1# 0-1

[Event "Kandidatenturnier"]
[Site "Tübingen"]
[Date "2007.08.29"]
[Round "5"]
[White "Sand, Rolf"]
[Black "Meschke, Andreas"]
[Result "0-1"]
[WhiteElo "2108"]
[BlackElo "2153"]
[PlyCount "52"]
[EventDate "2007.??.??"]

1. e4 e5 2. Nf3 Nc6 3. Bb5 a6 4. Ba4 Nf6 5. O-O Be7 6. Qe2 b5 7. Bb3 d6 8. c3
O-O 9. Rd1 Na5 10. Bc2 c5 11. d4 Qc7 12. d5 Bg4 13. Nbd2 Nh5 14. g3 g6 15. Qf1
Nc4 16. Re1 Nxd2 17. Nxd2 Qd7 18. Bd1 Bh3 19. Qe2 f5 20. exf5 Rxf5 21. Ne4 Raf8
22. Bh6 R8f7 23. Qd2 Nf6 24. Nxf6+ R5xf6 25. Be3 Bf8 26. Bg5 Rxf2 0-1

[Event "Kandidatenturnier"]
[Site "Tübingen"]
[Date "2007.08.29"]
[Round "5"]
[White "Schwerteck, Michael"]
[Black "Werner, Bernd-Michael"]
[Result "0-1"]
[WhiteElo "2154"]
[BlackElo "2096"]
[PlyCount "76"]
[EventDate "2007.??.??"]

1. e4 Nf6 2. e5 Nd5 3. d4 d6 4. c4 Nb6 5. exd6 exd6 6. Nc3 Be7 7. Bd3 Nc6 8.
Nge2 Bg4 9. f3 Bh5 10. O-O Bf6 11. Be3 Bg6 12. b3 d5 13. Bxg6 hxg6 14. c5 Nc8
15. b4 a6 16. Qb3 N8e7 17. Rfd1 g5 18. Bf2 Qd7 19. a4 Nd8 20. b5 a5 21. b6 c6
22. h3 Ne6 23. Qc2 g6 24. Qd2 Nf5 25. Ra3 Nh4 26. Bxh4 Rxh4 27. Qe3 Kf8 28. Na2
Ng7 29. Rad3 Nf5 30. Qd2 Kg7 31. Nac1 Rh7 32. Nb3 Qe6 33. Re1 Qd7 34. Nxa5 Nh4
35. f4 g4 36. hxg4 Qxg4 37. Rg3 Qd7 38. Rh3 Qxh3 0-1

[Event "Kandidatenturnier"]
[Site "Tübingen"]
[Date "2007.08.29"]
[Round "5"]
[White "Seyrich, Maximilian"]
[Black "Gnirk, Torsten"]
[Result "1-0"]
[WhiteElo "1892"]
[BlackElo "2116"]
[PlyCount "55"]
[EventDate "2007.??.??"]

1. d4 d5 2. c4 e6 3. Nc3 Nf6 4. Nf3 c6 5. Bg5 Nbd7 6. e3 Qa5 7. Nd2 Bb4 8. Qc2
O-O 9. Be2 e5 10. O-O exd4 11. Nb3 Qc7 12. Nxd4 a6 13. cxd5 Bxc3 14. bxc3 Nxd5
15. c4 Nb4 16. Qb2 c5 17. a3 cxd4 18. axb4 dxe3 19. Bxe3 Ne5 20. Bf4 Nf3+ 21.
Bxf3 Qxf4 22. c5 Rb8 23. Rfd1 Be6 24. Rd4 Qc7 25. Rad1 a5 26. Bg4 axb4 27. Bxe6
fxe6 28. Rd7 1-0

[Event "Kandidatenturnier"]
[Site "Tübingen"]
[Date "2007.08.29"]
[Round "5"]
[White "Haist, Winfried"]
[Black "Klaus, Daniel"]
[Result "1/2-1/2"]
[WhiteElo "2139"]
[BlackElo "1994"]
[PlyCount "52"]
[EventDate "2007.??.??"]

1. e4 c5 2. Nf3 e6 3. d4 cxd4 4. Nxd4 a6 5. Bd3 Qc7 6. O-O Nf6 7. Nc3 Be7 8.
Kh1 Nc6 9. Be3 O-O 10. f4 d6 11. Nxc6 bxc6 12. e5 dxe5 13. fxe5 Qxe5 14. Bd4
Qh5 15. Be2 Qh4 16. g3 Qg5 17. Qd3 c5 18. h4 Bb7+ 19. Kh2 Qg6 20. Qxg6 hxg6 21.
Be5 Rfd8 22. Rad1 Rxd1 23. Rxd1 Bc6 24. Kh3 Nd7 25. Bf4 Nf6 26. Bd2 Kf8 1/2-1/2

[Event "Kandidatenturnier"]
[Site "Tübingen"]
[Date "2007.08.29"]
[Round "5"]
[White "Huhn, Stefan"]
[Black "Sautter, Elke"]
[Result "1/2-1/2"]
[WhiteElo "2075"]
[BlackElo "2006"]
[PlyCount "84"]
[EventDate "2007.??.??"]

1. d4 e6 2. e4 d5 3. Nd2 dxe4 4. Nxe4 Be7 5. Nf3 Nf6 6. Bd3 Nxe4 7. Bxe4 c5 8.
O-O cxd4 9. Nxd4 Nd7 10. c3 O-O 11. Qf3 Qb6 12. b4 Bf6 13. Be3 Ne5 14. Qe2 Bd7
15. Rac1 a6 16. f4 Ng6 17. Nc6 Qc7 18. Na5 Bc6 19. Nxc6 bxc6 20. Qf3 Ne7 21.
Bc5 Rfc8 22. a4 Rab8 23. a5 Nd5 24. g3 Be7 25. Bxe7 Nxe7 26. Qd3 Qa7+ 27. Kg2
Rd8 28. Qe2 c5 29. Rfd1 cxb4 30. cxb4 g6 31. Rxd8+ Rxd8 32. b5 axb5 33. Qxb5
Rd2+ 34. Kh3 Ra2 35. Rc5 h5 36. Bb7 Qb8 37. Qd7 Ra3 38. Qxe7 Qxf4 39. Rc8+ Kh7
40. Qxa3 Qf1+ 41. Kh4 Qf6+ 42. Kh3 Qf1+ 1/2-1/2

[Event "Kandidatenturnier"]
[Site "Tübingen"]
[Date "2007.08.29"]
[Round "5"]
[White "Kracke, Moritz"]
[Black "Wiebusch, Marc"]
[Result "1-0"]
[WhiteElo "2054"]
[BlackElo "1901"]
[PlyCount "109"]
[EventDate "2007.??.??"]

1. e4 e5 2. Nc3 Nc6 3. Bc4 Nf6 4. d3 Na5 5. Qf3 Nxc4 6. dxc4 h6 7. Nge2 d6 8.
b3 Bg4 9. Qd3 Qd7 10. h3 Bh5 11. g4 Bg6 12. Bb2 O-O-O 13. O-O-O Qc6 14. f3 Be7
15. h4 Kb8 16. Qe3 a6 17. Kb1 Rhe8 18. Rh2 Bf8 19. Nd5 Nd7 20. Nec3 f6 21. Na4
Bf7 22. Nb4 Qxa4 23. bxa4 Bxc4 24. Nd5 c6 25. Nc3 b5 26. axb5 axb5 27. Rhd2 Kb7
28. Ba3 d5 29. Bxf8 d4 30. Qe1 Rxf8 31. Ne2 Ra8 32. c3 c5 33. cxd4 cxd4 34. Rb2
Nc5 35. Qb4 Kc6 36. Nc1 Ra4 37. Qd2 Rfa8 38. g5 hxg5 39. hxg5 Ra3 40. gxf6 gxf6
41. Qh6 Rxf3 42. Re1 Na4 43. Rg2 Nc5 44. Rg6 Nd7 45. Reg1 Rf2 46. R1g2 Rf1 47.
Kb2 Kc5 48. Rc2 b4 49. Qh3 Nb6 50. Qxf1 Na4+ 51. Kb1 Nc3+ 52. Rxc3 bxc3 53.
Qxf6 Rb8+ 54. Nb3+ Bxb3 55. Qd6+ 1-0

[Event "Kandidatenturnier"]
[Site "Tübingen"]
[Date "2007.08.29"]
[Round "5"]
[White "Hadziselimovic, Adnan"]
[Black "Schuster, Gerhard"]
[Result "1-0"]
[WhiteElo "1687"]
[BlackElo "2041"]
[PlyCount "119"]
[EventDate "2007.??.??"]

1. d4 Nf6 2. Nf3 b6 3. e3 Bb7 4. Bd3 e6 5. Nbd2 c5 6. c3 Nc6 7. O-O d5 8. e4
cxd4 9. cxd4 dxe4 10. Nxe4 Be7 11. Bg5 Nxe4 12. Bxe4 Bxg5 13. Qa4 Rc8 14. Ne5
O-O 15. Bxc6 Bxc6 16. Nxc6 Qd7 17. f4 Qxc6 18. Qxc6 Rxc6 19. fxg5 Rd8 20. Rac1
Rdc8 21. Rxc6 Rxc6 22. Rf3 Rc1+ 23. Rf1 Rc4 24. Rd1 Kf8 25. Rd2 Ke7 26. Kf2 g6
27. Ke3 Ra4 28. b3 Ra5 29. h4 h6 30. gxh6 Rh5 31. g3 Rxh6 32. Rc2 Kd7 33. Rf2
Rh7 34. Ke4 Kd6 35. Rf6 Ke7 36. Rf2 Rh5 37. Rc2 Kd7 38. Rf2 Ke7 39. Rc2 Ra5 40.
Rc7+ Kf8 41. a4 Kg7 42. g4 g5 43. h5 Ra6 44. h6+ Kxh6 45. Rxf7 Kg6 46. Rd7 b5
47. axb5 Ra1 48. Ke5 Ra5 49. Rb7 a6 50. Kxe6 axb5 51. d5 Ra1 52. Rxb5 Re1+ 53.
Kd7 Re4 54. Rb6+ Kf7 55. d6 Rxg4 56. Kc7 Rd4 57. Rb5 g4 58. d7 Ke7 59. Re5+ Kf6
60. Re1 1-0

[Event "Kandidatenturnier"]
[Site "Tübingen"]
[Date "2007.08.29"]
[Round "5"]
[White "Birkholz, Axel"]
[Black "Guski, Dietmar"]
[Result "0-1"]
[WhiteElo "2008"]
[BlackElo "2093"]
[PlyCount "56"]
[EventDate "2007.??.??"]

1. e4 c5 2. Nf3 Nc6 3. d4 cxd4 4. Nxd4 Nf6 5. Nc3 e5 6. Ndb5 d6 7. Bg5 a6 8.
Na3 b5 9. Nd5 Be7 10. Bxf6 Bxf6 11. c4 b4 12. Nc2 Rb8 13. b3 O-O 14. g3 g6 15.
Nxf6+ Qxf6 16. Bg2 Bb7 17. O-O Qe7 18. f4 f5 19. exf5 gxf5 20. Qh5 Kh8 21. Rad1
exf4 22. Rxf4 Ne5 23. Rdf1 Bxg2 24. Kxg2 Ng6 25. R4f2 f4 26. Re2 f3+ 27. Qxf3
Rxf3 28. Rxe7 Rxf1 0-1

[Event "Kandidatenturnier"]
[Site "Tübingen"]
[Date "2007.08.29"]
[Round "5"]
[White "Hittinger, Immanuel"]
[Black "Schwan, Rudi"]
[Result "1-0"]
[WhiteElo "1865"]
[BlackElo "1939"]
[PlyCount "173"]
[EventDate "2007.??.??"]

1. d4 d5 2. c4 e6 3. Nc3 Nf6 4. Bg5 Nbd7 5. e3 c6 6. Nf3 Bb4 7. Rc1 Qa5 8. Bxf6
Nxf6 9. Qb3 Ne4 10. Bd3 O-O 11. O-O Nf6 12. Ne2 Bd6 13. Rfd1 Re8 14. Rc2 dxc4
15. Bxc4 Qh5 16. a3 Ng4 17. Ng3 Bxg3 18. hxg3 Nh2 19. Be2 Nxf3+ 20. Bxf3 Qg5
21. Rcd2 a5 22. e4 b5 23. d5 Bd7 24. dxc6 Bxc6 25. Rc2 Rac8 26. Rd6 Bb7 27. Rb6
Rxc2 28. Qxc2 Ba8 29. Be2 Qg6 30. Bd3 b4 31. axb4 axb4 32. Rxb4 Qg5 33. Ra4 Rd8
34. b4 Qg4 35. b5 e5 36. Ra1 h5 37. Qb1 h4 38. gxh4 f5 39. b6 Bb7 40. Qb3+ Kh8
41. Bf1 Qxe4 42. Qe3 Rd6 43. Qxe4 fxe4 44. Rb1 Kh7 45. g3 Rg6 46. Bg2 Re6 47.
Kf1 Kh6 48. Ke2 g5 49. hxg5+ Kxg5 50. Rb3 Kf6 51. Ke3 Re8 52. Ke2 Re6 53. f3
exf3+ 54. Bxf3 e4 55. Bg2 Ke5 56. Ke3 Rg6 57. Rb5+ Kd6 58. Kf4 Rf6+ 59. Kg5 Rf2
60. Bxe4 Bxe4 61. b7 Bxb7 62. Rxb7 Ke6 63. g4 Rf8 64. Rg7 Rh8 65. Kg6 Rh4 66.
g5 Rh1 67. Rb7 Rh2 68. Kg7 Rh5 69. g6 Rh1 70. Rb3 Ke7 71. Re3+ Kd8 72. Rf3 Ke7
73. Rf7+ Ke8 74. Kg8 Rh6 75. Rg7 Rh2 76. Rh7 Rg2 77. Rh6 Ra2 78. Rh4 Ke7 79.
Kh7 Kf6 80. Rf4+ Kg5 81. Rf7 Rh2+ 82. Kg7 Rh6 83. Rf6 Rh2 84. Kf7 Rh6 85. Ra6
Rh1 86. g7 Kf5 87. g8=Q 1-0

[Event "Kandidatenturnier"]
[Site "Tübingen"]
[Date "2007.08.29"]
[Round "5"]
[White "Reck, Moritz"]
[Black "Reichel, Jonathan"]
[Result "1/2-1/2"]
[WhiteElo "2111"]
[BlackElo "1882"]
[PlyCount "149"]
[EventDate "2007.??.??"]

1. g3 Nf6 2. Bg2 d5 3. d3 g6 4. Nd2 Bg7 5. e4 dxe4 6. dxe4 O-O 7. Ngf3 c6 8.
O-O Qc7 9. Qe2 b6 10. Rd1 Ba6 11. c4 Nbd7 12. e5 Ng4 13. Nd4 Qxe5 14. Qxg4 Qxd4
15. Qxd4 Bxd4 16. Bxc6 Rad8 17. Nf3 Ne5 18. Nxe5 Bxe5 19. Bh6 Bg7 20. Bxg7 Kxg7
21. b3 Bc8 22. Kf1 Bh3+ 23. Ke2 Kf6 24. a4 Bf5 25. a5 Bc2 26. Rxd8 Rxd8 27.
axb6 axb6 28. Ba4 e5 29. Rc1 Bd3+ 30. Ke3 Bf5 31. c5 Rd3+ 32. Ke2 bxc5 33. g4
Be4 34. Rc4 Rd4 35. Rxc5 Ke6 36. f3 Bb7 37. Bb5 Kd6 38. Rc3 f5 39. gxf5 gxf5
40. Rc4 Rd5 41. Be8 Ba6 42. Bf7 Rd4 43. Kf2 Bxc4 44. Bxc4 Rxc4 45. bxc4 Kc5 46.
Kg3 Kxc4 47. Kh4 Kd3 48. Kg5 f4 49. h4 Ke3 50. Kg4 h5+ 51. Kxh5 Kxf3 52. Kg5 e4
53. h5 e3 54. h6 e2 55. h7 e1=Q 56. h8=Q Qa5+ 57. Kh4 Qe1+ 58. Kg5 Qg3+ 59. Kf5
Qg4+ 60. Ke5 Kg3 61. Qh1 f3 62. Qg1+ Kh4 63. Qh2+ Kg5 64. Qd2+ Kh5 65. Qa2 Qg3+
66. Ke4 f2 67. Qe2+ Kg5 68. Qd2+ Kf6 69. Qd8+ Kf7 70. Qd7+ Kg6 71. Qe8+ Kh7 72.
Qf7+ Kh6 73. Qf8+ Kh5 74. Qh8+ Kg4 75. Qc8+ 1/2-1/2

[Event "Kandidatenturnier"]
[Site "Tübingen"]
[Date "2007.08.29"]
[Round "5"]
[White "Bauer, Dieter"]
[Black "Ruprich, Udo"]
[Result "0-1"]
[WhiteElo "1860"]
[BlackElo "2061"]
[PlyCount "70"]
[EventDate "2007.??.??"]

1. c4 c5 2. Nc3 Nf6 3. g3 Nc6 4. Bg2 d6 5. d3 e5 6. e4 Be7 7. Nge2 O-O 8. O-O
Bd7 9. f4 exf4 10. gxf4 Bg4 11. Bf3 Bh3 12. Bg2 Bxg2 13. Kxg2 Qd7 14. h3 Nh5
15. Be3 f5 16. Nd5 Rae8 17. Nec3 Nf6 18. Qf3 Bd8 19. Rae1 Ba5 20. Re2 fxe4 21.
dxe4 Bxc3 22. Nxc3 Qf7 23. Rd1 Qxc4 24. Rxd6 Nxe4 25. Nxe4 Qxe4 26. Kf2 Qf5 27.
Rd5 Ne5 28. Qg2 b6 29. Red2 Qf6 30. Qg3 Nc4 31. Re2 Nxe3 32. Rxe3 Qxb2+ 33. Kf1
Qa1+ 34. Re1 Rxe1+ 35. Qxe1 Rxf4+ 0-1

[Event "Kandidatenturnier"]
[Site "Tübingen"]
[Date "2007.08.29"]
[Round "5"]
[White "Bajer, Renato"]
[Black "Deffner, Manfred"]
[Result "1-0"]
[WhiteElo "1924"]
[BlackElo "1847"]
[PlyCount "57"]
[EventDate "2007.??.??"]

1. e4 e6 2. d4 d5 3. Nc3 Bb4 4. e5 c5 5. a3 Bxc3+ 6. bxc3 Ne7 7. Qg4 Qc7 8.
Qxg7 Rg8 9. Qxh7 cxd4 10. Ne2 Nbc6 11. f4 Bd7 12. Qd3 dxc3 13. Qxc3 Nf5 14. g3
d4 15. Qd3 Qb6 16. Bh3 Nce7 17. a4 Bc6 18. O-O O-O-O 19. Bd2 Qc5 20. Bg2 Nd5
21. Be4 Nde3 22. Rfb1 a5 23. Rb3 Rd7 24. Rab1 Nh4 25. Bxe3 dxe3 26. Qxe3 Qxe3+
27. Rxe3 Bxa4 28. Rc3+ Kb8 29. Rc4 1-0

[Event "Kandidatenturnier"]
[Site "Tübingen"]
[Date "2007.08.29"]
[Round "5"]
[White "Siegle, Florian"]
[Black "Rix, Michael"]
[Result "1-0"]
[WhiteElo "2037"]
[BlackElo "1837"]
[PlyCount "121"]
[EventDate "2007.??.??"]

1. e4 c5 2. c3 e5 3. d4 exd4 4. cxd4 cxd4 5. Qxd4 Nc6 6. Qd1 Nf6 7. Nc3 Bb4 8.
Bd3 d5 9. exd5 Qxd5 10. Qe2+ Be6 11. Nf3 O-O-O 12. Bc2 Bg4 13. O-O Bxf3 14.
Qxf3 Qxf3 15. gxf3 Nd4 16. Bd1 Rhe8 17. Be3 Bxc3 18. bxc3 Nc6 19. Ba4 Re6 20.
Bc2 g6 21. Bb3 Nd5 22. Bc5 Rf6 23. c4 Nf4 24. Rfd1 Nd3 25. Be3 Rfd6 26. c5 R6d7
27. Bg5 Re8 28. Bxf7 Rxf7 29. Rxd3 Ne5 30. Re3 Nxf3+ 31. Kg2 Rxe3 32. Bxe3 Nh4+
33. Kf1 Nf5 34. Bf4 Nd4 35. Bg3 Rf5 36. Rc1 Kd7 37. Bb8 a6 38. Rb1 Kc8 39. Ba7
Nc6 40. Bb6 Rd5 41. Rb2 Ne5 42. Re2 Kd7 43. Re3 Nc4 44. Rh3 h5 45. Ba7 Rd1+ 46.
Kg2 Rd2 47. Rc3 Ne5 48. Rb3 Kc8 49. a3 Nd3 50. Kf3 Nxf2 51. c6 bxc6 52. Bxf2
Rd5 53. Ke4 g5 54. Rb6 Rd2 55. Bg3 h4 56. Be5 g4 57. Kf5 Rd5 58. Ke6 Rxe5+ 59.
Kxe5 Kc7 60. Rxa6 g3 61. hxg3 1-0

[Event "Kandidatenturnier"]
[Site "Tübingen"]
[Date "2007.08.29"]
[Round "5"]
[White "Dittus, Reiner"]
[Black "Braun, Georg"]
[Result "0-1"]
[WhiteElo "1749"]
[BlackElo "1887"]
[PlyCount "116"]
[EventDate "2007.??.??"]

1. e4 c5 2. c3 b6 3. d4 Bb7 4. Bd3 Nf6 5. Qe2 cxd4 6. cxd4 Nc6 7. Nf3 Nb4 8.
Nc3 Nxd3+ 9. Qxd3 e6 10. O-O Be7 11. Bf4 O-O 12. Rfe1 d6 13. Rad1 Rc8 14. h3 a6
15. a3 b5 16. Qe2 Qd7 17. e5 Nd5 18. Bd2 Nxc3 19. Bxc3 Bxf3 20. Qxf3 d5 21. Qg4
Rc4 22. Re3 b4 23. Rg3 g6 24. axb4 Bxb4 25. Bxb4 Rxb4 26. Ra3 Qb7 27. Rda1 Ra8
28. Kh2 Rxb2 29. Qh4 Rb6 30. Qf6 Qa7 31. h4 Qb8 32. Rc3 Qd8 33. Qf4 a5 34. Rac1
Rb7 35. h5 a4 36. h6 Qf8 37. R1c2 Rd7 38. Qc1 a3 39. Ra2 Rda7 40. g4 Ra4 41. g5
R4a7 42. Kg2 Ra6 43. Kh2 Ra4 44. Kg3 Qd8 45. f3 Rc4 46. f4 Rxc3+ 47. Qxc3 Qe7
48. Kf3 Kf8 49. Ke3 Qa7 50. Qb4+ Ke8 51. Qb5+ Kd8 52. Qb4 Qe7 53. Qb6+ Qc7 54.
Qb4 Qc1+ 55. Ke2 Qc4+ 56. Qxc4 dxc4 57. Kd2 Ra4 58. Kc3 Kc7 0-1

[Event "Kandidatenturnier"]
[Site "Tübingen"]
[Date "2007.08.29"]
[Round "5"]
[White "Hallmann, Eberhard"]
[Black "Kaulich, Philipp Theodor"]
[Result "1-0"]
[WhiteElo "1985"]
[BlackElo "1576"]
[PlyCount "157"]
[EventDate "2007.??.??"]

1. e4 e6 2. d4 d5 3. exd5 exd5 4. Bd3 Nc6 5. c3 Bd6 6. Qe2+ Nge7 7. Nf3 Bg4 8.
O-O Qd7 9. Re1 O-O-O 10. Bg5 f6 11. Bh4 Ng6 12. Qc2 Kb8 13. Nbd2 Nf4 14. Bb5
Bxf3 15. Nxf3 Qg4 16. Bg3 h5 17. Bxf4 Qxf4 18. Qb3 Ka8 19. Qxd5 Ne7 20. Qe4 Qg4
21. h3 Qf5 22. Qxf5 Nxf5 23. Bd3 Nh6 24. Bg6 Ng8 25. Re6 Ne7 26. Bc2 a6 27.
Rae1 Nc6 28. Nh4 Ka7 29. Nf5 Rhg8 30. Bb3 Rgf8 31. Nxg7 h4 32. R6e4 Rd7 33. Nf5
Na5 34. Nxd6 Rxd6 35. Rxh4 Nxb3 36. axb3 Rb6 37. b4 a5 38. Ra1 Kb8 39. Rxa5 Re6
40. Ra2 b6 41. b3 Re1+ 42. Kh2 Rb1 43. Rc2 Rxb3 44. Rf4 Kc8 45. Rf5 Kd7 46. b5
Ke6 47. g4 Ra8 48. Re2+ Kf7 49. Re3 Raa3 50. c4 Rxe3 51. fxe3 Rxe3 52. g5 Re2+
53. Kg3 Re3+ 54. Kg4 Re4+ 55. Rf4 Re1 56. Rxf6+ Kg7 57. Kf4 Rh1 58. Rc6 Rxh3
59. Rxc7+ Kf8 60. Kf5 Rd3 61. d5 Rf3+ 62. Kg6 Rf4 63. d6 Ke8 64. Kg7 Rd4 65.
Rc6 Kd7 66. g6 Rxd6 67. Rxd6+ Kxd6 68. Kf6 Kc5 69. g7 Kxc4 70. g8=Q+ Kxb5 71.
Qb3+ Kc5 72. Ke5 b5 73. Ke4 b4 74. Kd3 Kb5 75. Kd4 Ka5 76. Kc5 Ka6 77. Qxb4 Ka7
78. Kc6 Ka8 79. Qb7# 1-0

[Event "Kandidatenturnier"]
[Site "Tübingen"]
[Date "2007.08.30"]
[Round "6"]
[White "Meschke, Andreas"]
[Black "Seyrich, Maximilian"]
[Result "1/2-1/2"]
[WhiteElo "2153"]
[BlackElo "1892"]
[PlyCount "180"]
[EventDate "2007.??.??"]

1. e4 e5 2. Nf3 Nf6 3. Nxe5 d6 4. Nf3 Nxe4 5. Qe2 Qe7 6. d3 Nf6 7. Bg5 Qxe2+ 8.
Bxe2 Be7 9. Na3 Bd7 10. Nc4 h6 11. Bd2 Nc6 12. O-O-O O-O-O 13. Bc3 Be6 14. Nd4
Nxd4 15. Bxd4 c5 16. Bc3 d5 17. Na5 d4 18. Bd2 Bd5 19. Nb3 Bd6 20. Rdg1 Rde8
21. Kd1 Re7 22. h3 Rhe8 23. Bg4+ Nxg4 24. hxg4 f6 25. f3 b6 26. Re1 Bxb3 27.
axb3 Bg3 28. Rxe7 Rxe7 29. b4 Kd7 30. bxc5 bxc5 31. Rh5 Re5 32. Rh3 Bf2 33. f4
Re8 34. Rf3 Bg1 35. g5 hxg5 36. fxg5 Re6 37. Rf5 Kc6 38. b4 cxb4 39. Bxb4 Re5
40. Rf1 Rb5 41. gxf6 gxf6 42. Rxf6+ Kd7 43. Ba3 Ra5 44. Bb2 Rb5 45. Kc1 Be3+
46. Kb1 Rg5 47. Rf7+ Kc6 48. Rxa7 Rxg2 49. Ra5 Rh2 50. Ba3 Rh8 51. Ka2 Kb6 52.
Rd5 Rc8 53. Kb3 Rc3+ 54. Kb2 Rc8 55. Bb4 Rc6 56. Kb3 Rc8 57. Re5 Bg1 58. Rg5
Be3 59. Rf5 Rc6 60. Re5 Bg1 61. Re7 Rc8 62. Re6+ Kb5 63. Rf6 Be3 64. Rf5+ Kb6
65. Rf8 Rxf8 66. Bxf8 Kc6 67. Be7 Bf2 68. Bg5 Bg3 69. Kb2 Kc5 70. Be7+ Kb5 71.
Kc1 Kc6 72. Kd2 Be5 73. Bb4 Kd5 74. c4+ dxc3+ 75. Kc2 Bd4 76. Bxc3 Bxc3 77.
Kxc3 Kc5 78. d4+ Kd5 79. Kd3 Kd6 80. Ke4 Ke6 81. d5+ Kd6 82. Kd4 Kd7 83. Kc5
Kc7 84. d6+ Kd7 85. Kd5 Kd8 86. Ke5 Kd7 87. Kd5 Kd8 88. Kc6 Kc8 89. d7+ Kd8 90.
Kb7 Kxd7 1/2-1/2

[Event "Kandidatenturnier"]
[Site "Tübingen"]
[Date "2007.08.30"]
[Round "6"]
[White "Werner, Bernd-Michael"]
[Black "Sand, Rolf"]
[Result "1-0"]
[WhiteElo "2096"]
[BlackElo "2108"]
[PlyCount "89"]
[EventDate "2007.??.??"]

1. e4 c5 2. c4 Nc6 3. Nc3 g6 4. g3 Bg7 5. Bg2 d6 6. Nge2 e6 7. Rb1 Nge7 8. a3
b6 9. b4 Bb7 10. O-O O-O 11. d3 Qd7 12. Qb3 Rac8 13. Nb5 Ba8 14. Bf4 Ne5 15.
Rfd1 N5c6 16. h3 a6 17. Nbc3 Nd4 18. Nxd4 cxd4 19. Ne2 Nc6 20. Bd2 Ne7 21. Rbc1
d5 22. exd5 exd5 23. c5 bxc5 24. Rxc5 Rxc5 25. bxc5 Rc8 26. Rc1 Qb7 27. Qxb7
Bxb7 28. Bf4 Kf8 29. Bd6 Ke8 30. g4 g5 31. Ng3 Ng6 32. Nf5 Bf6 33. Rb1 Bc6 34.
Rb6 a5 35. Kf1 Kd7 36. Ra6 Ra8 37. Rb6 Re8 38. Bf3 Ne7 39. Bd1 Nxf5 40. gxf5
Rc8 41. Bh5 Be7 42. Bxf7 Bxd6 43. Be6+ Kc7 44. cxd6+ Kxb6 45. Bxc8 1-0

[Event "Kandidatenturnier"]
[Site "Tübingen"]
[Date "2007.08.30"]
[Round "6"]
[White "Hadziselimovic, Adnan"]
[Black "Kracke, Moritz"]
[Result "1/2-1/2"]
[WhiteElo "1687"]
[BlackElo "2054"]
[PlyCount "38"]
[EventDate "2007.??.??"]

1. d4 d5 2. Nd2 e6 3. Ngf3 f5 4. Ne5 Nf6 5. e3 Bd6 6. f4 O-O 7. Bd3 c5 8. c3 b6
9. O-O Ba6 10. Bxa6 Nxa6 11. Qf3 b5 12. a4 b4 13. c4 Rc8 14. b3 Ne4 15. Nxe4
fxe4 16. Qg4 Qe7 17. Qe2 cxd4 18. exd4 Bxe5 19. fxe5 Rxf1+ 1/2-1/2